Vichara Bindhukkal (Record no. 38759)

MARC details
000 -LEADER
fixed length control field 00414nam a2200145Ia 4500
008 - FIXED-LENGTH DATA ELEMENTS--GENERAL INFORMATION
fixed length control field 211109s9999||||xx |||||||||||||| ||und||
082 ## - DEWEY DECIMAL CLASSIFICATION NUMBER
Classification number 894.8123
Item number A SU-V
100 ## - MAIN ENTRY--PERSONAL NAME
Personal name A Surendran,
245 #0 - TITLE STATEMENT
Title Vichara Bindhukkal
260 ## - PUBLICATION, DISTRIBUTION, ETC.
Name of publisher, distributor, etc. Sahithya Pravarthaka...
Place of publication, distribution, etc. Kottayam
Date of publication, distribution, etc. 1987
300 ## - PHYSICAL DESCRIPTION
Extent 52p
630 ## - SUBJECT ADDED ENTRY--UNIFORM TITLE
General subdivision GENERAL STACK
650 ## - SUBJECT ADDED ENTRY--TOPICAL TERM
Topical term or geographic name entry element Literature
942 ## - ADDED ENTRY ELEMENTS (KOHA)
Koha item type BOOK
650 ## - SUBJECT ADDED ENTRY--TOPICAL TERM
Form subdivision Malayalam Literature
General subdivision Malayalam NovelStoryMalayalam
Holdings
Withdrawn status Lost status Source of classification or shelving scheme Damaged status Not for loan Home library Current library Date acquired Cost, normal purchase price Full call number Barcode Shelving location Date last seen Price effective from Koha item type
    Dewey Decimal Classification     SB LIBRARY SB LIBRARY 09/11/2021 100.00 894.8123 SUR-V 00080288 GENERAL STACK 09/11/2021 09/11/2021 BOOK

Powered by Koha